000 02872cam a2200301 4500500
005 20260405003115.0
041 _afre
042 _adc
100 1 0 _aSayeux, Anne-Sophie
_eauthor
245 0 0 _aDevenir Océan, se soigner en s’accordant au cosmos
260 _c2026.
500 _a30
520 _aEn explorant les modalités sensorielles du soin corporel à travers l’immersion dans l’océan, ce texte propose une anthropologie de la résonance entre corps et nature, fondée sur le concept d’Écossoma (eco-soma). Celui-ci désigne l’enracinement sensoriel et cosmique du corps dans les rythmes du vivant. En croisant les approches de l’écologie corporelle, des pratiques de « blue care », des espaces bleus thérapeutiques, du surf santé et du handi surf, il s’agit de comprendre comment l’eau salée – par le toucher, l’écoute ou l’olfaction – active un processus de soin profond, qui dépasse les cadres biomédicaux. L’océan est pensé comme un milieu sensoriel et affectif, capable d’agir sur la mémoire, le souffle, et la perception de soi. Ce soin océanique incarné devient alors une forme de reconnexion cosmologique dans un monde fragmenté. Loin d’être un simple décor, la mer opère ici comme un médium de transformation identitaire, éthique et existentielle.
520 _aBy exploring the sensory modalities of bodily care through immersion in the ocean, this text proposes an anthropology of resonance between body and nature, grounded in the concept of Ecossoma (eco-soma). This concept refers to the sensory and cosmic rooting of the body within the rhythms of the living world. By weaving together perspectives from bodily ecology, blue care practices, therapeutic blue spaces, surf therapy and adaptive surfing, the aim is to understand how salt water—through touch, hearing, and smell—activates a deep healing process that transcends biomedical frameworks. The ocean is conceived as a sensory and affective environment, capable of shaping memory, breath, and self-perception. This embodied oceanic care becomes a form of cosmological reconnection in a fragmented world. Far from being a mere backdrop, the sea emerges here as an active medium for identity, ethical, and existential transformation.
690 _aBlue care
690 _aécologie corporelle
690 _aécossoma.
690 _aespaces bleus thérapeutiques
690 _aocéan et santé humaine
690 _athérapies basées sur la nature
690 _aBlue care
690 _aEcossoma.
690 _aEmbodied ecology
690 _aOcean and human health
690 _aTherapeutic blue spaces
786 0 _nDroit, Santé et Société | 12 | 4 | 2026-03-04 | p. 34-00 | 2606-6645
856 4 1 _uhttps://droit.cairn.info/revue-droit-sante-et-societe-2025-4-page-34?lang=fr&redirect-ssocas=7080
999 _c2064441
_d2064441